<?xml version="1.0" encoding="UTF-8"?>
<record
    xmlns:xsi="http://www.w3.org/2001/XMLSchema-instance"
    xsi:schemaLocation="http://www.loc.gov/MARC21/slim http://www.loc.gov/standards/marcxml/schema/MARC21slim.xsd"
    xmlns="http://www.loc.gov/MARC21/slim">

  <leader>00930cam a2200181 i 4500</leader>
  <controlfield tag="005">20250911143809.0</controlfield>
  <datafield tag="020" ind1=" " ind2=" ">
    <subfield code="a">9781804294659</subfield>
  </datafield>
  <datafield tag="082" ind1="0" ind2="0">
    <subfield code="a">335.009 485 OST/R</subfield>
  </datafield>
  <datafield tag="100" ind1="1" ind2=" ">
    <subfield code="a">&#xD6;stberg, Kjell,</subfield>
    <subfield code="9">1293</subfield>
  </datafield>
  <datafield tag="245" ind1="1" ind2="4">
    <subfield code="a">The rise and fall of Swedish social democracy /</subfield>
    <subfield code="c">by Kjell &#xD6;stberg.</subfield>
  </datafield>
  <datafield tag="260" ind1=" " ind2=" ">
    <subfield code="a">. - London</subfield>
    <subfield code="b">: Verso</subfield>
    <subfield code="c">, 2024</subfield>
  </datafield>
  <datafield tag="300" ind1=" " ind2=" ">
    <subfield code="a">296 pages ;</subfield>
  </datafield>
  <datafield tag="504" ind1=" " ind2=" ">
    <subfield code="a">Includes bibliographical references and index.</subfield>
  </datafield>
  <datafield tag="505" ind1="0" ind2=" ">
    <subfield code="a">Introduction -- Origins -- The Revolutionary Years -- Social Democracy in the Face of Reality -- The Crisis of the 1930s and the Social Democratic Breakthrough -- Harvest Time? -- The 1960s: The People's Home and Its Fractures -- The 1970s: A Socialist Sweden? -- Social Democracy Under Neoliberalism -- Conclusion.</subfield>
  </datafield>
  <datafield tag="520" ind1=" " ind2=" ">
    <subfield code="a">"A comprehensive study of the rise and fall of one of the most influential political movements of our time"--</subfield>
  </datafield>
  <datafield tag="650" ind1=" " ind2="0">
    <subfield code="a">Socialism</subfield>
    <subfield code="z">Sweden</subfield>
    <subfield code="9">1294</subfield>
  </datafield>
  <datafield tag="942" ind1=" " ind2=" ">
    <subfield code="2">ddc</subfield>
    <subfield code="c">BK</subfield>
  </datafield>
  <datafield tag="999" ind1=" " ind2=" ">
    <subfield code="c">751275</subfield>
    <subfield code="d">751275</subfield>
  </datafield>
  <datafield tag="952" ind1=" " ind2=" ">
    <subfield code="0">0</subfield>
    <subfield code="1">0</subfield>
    <subfield code="2">ddc</subfield>
    <subfield code="4">0</subfield>
    <subfield code="7">0</subfield>
    <subfield code="a">POL</subfield>
    <subfield code="b">POL</subfield>
    <subfield code="d">2025-03-01</subfield>
    <subfield code="l">0</subfield>
    <subfield code="o">335.009 485 OST/R</subfield>
    <subfield code="p">POL23761</subfield>
    <subfield code="r">2025-09-11 14:39:44</subfield>
    <subfield code="y">BK</subfield>
  </datafield>
</record>
